000 01580nam a2200445 c 4500
999 _c160032
_d160032
003 BLK
005 20240731132108.0
008 180410b bul|||||r ||||||| ||bul||
010 _aKNG00167234000
020 _a978-954-337-213-3
040 _aBLK
041 _aBUL
_cBUL
072 7 _2bullib
_aН70
_xИзкуства Н
072 7 _2bullib
_aК
_xКраезнание
080 _aИстория на театъра. Периоди и стилове
_b792.03
_x(497.215)
_z792.03(497.215)
100 _aВасев, Василен Иванов
_9278777
139 _aВасев, Василен Иванов
_bВ 23
245 1 0 _aГрадина на музите
_bРусенският театър 1922 - 1945 : Години, творчество, съдби
_cВасилен Иванов Васев.
257 _aBGR
260 _bАвангард принт
_c2013
300 _a152 с.
_bс ил., портр.
_c22 см
380 _a7
500 _aНа кор. означено 3.
650 4 _aТеатри - Русе
_9245154
651 4 _aРусе
_9179462
651 4 _aБългария
_9241624
653 _aДраматичен театър Сава Огнянов
653 _aтеатри
653 _aистория
659 _aК
659 _aН
852 _aЦб 271491
852 _aК 792/В 23 В
856 4 _qpdf
856 4 _qpdf
942 _cKNG
_n0
_s1
944 _aCR
_c13.11.2014
_lКети Илиева
_k30550
944 _aED
_c12.11.2015
_lф /
_kЛюдмила_Стоянова
999 _d160032